000
00275nam a22001337a 4500
008
180127b xxu||||| |||| 00| 0 eng d
020
_a
2901579477904
041
_a
eng
080
_a
616
100
_a
4
101
_a
SHM
245
_a
CPT 2007
_c
Beebe, M
942
_2
udc
_c
BK
999
_c
41087
_d
41087